Представление документа в формате RUSMARC

ПолеНазваниеЗначение
  Тип записи a
  Библиографический уровень m
001 Контрольный номер 723adb2b114c4eaa989a65d46c389788
005 Дата корректировки 20140526192823.8
200 Заглавие и сведения об ответственности __
a Заглавие Международные экономические отношения
e Сведения, относящиеся к заглавию Учеб. пособие
f Первые сведения об ответственности Под ред.Б.П.Супруновича;Финансовая академия при Правительстве РФ.Кафедра мировой экономики и междунар.валютно-кредитных отношений
210 Выходные данные __
a Место издания Москва
c Издательство Б.и.
d Дата издания 1995
215 Физическое описание __
a Объем 214
610 Ключевые слова __
a Ключевые слова Междунар.экон.отношения
686 Индексы других классификаций __
a Классификационный индекс 65.5
2 Код системы rubbk
686 Индексы других классификаций __
a Классификационный индекс 65.58
2 Код системы rubbk
801 Источник записи _0
a Страна RU
b Организация РУК
c Дата составления 19980126
g Правила каталогизации PSBO
801 Источник записи _1
a Страна RU
b Организация РУК
c Дата составления 19980126
g Правила каталогизации PSBO
852 Данные о местонахождении __
i Авторский знак М43
j Шифр хранения 65.58
901 Тип документа __
t Тип документа m
938 Служебная информация __
a Название организации Головной вуз
b Имя БД BOOK
c Название АИБС АИБС ИРБИС